Statistics for Guess the Taylor Swift's song

Click here to take the quiz!

General Stats

  • This quiz has been taken 131 times
  • The average score is 126 of 192

Answer Stats

HintAnswer% Correct
I don't know about you. But I'm feeling _22
100%
Wind in my hair, I was there. I remember it _All Too Well
100%
It must be exhausting always rooting for the _Anti-Hero
100%
But I've got a _ babyBlank Space
100%
" _ I'm havin' his baby"But Daddy I Love Him
100%
gone was any trace of you. I think I am finally _Clean
100%
It's a _. It's cool that's what I tell 'emCruel Summer
100%
But we were dancin'. _Dancing With Our Hands Tied
100%
All along there was some _ tying you to meinvisible string
100%
In your dream as you passеd out, baby. Was it over then? And _Is It Over Now?
100%
I check it once, then I check it twice, oh. Ooh, _Look What You Made Me Do
100%
I promise that you'll never find another like _ME!
100%
'Cause he was sunshine, I was _Midnight Rain
100%
Cursing my name, wishing I stayed. Look at how _my tears ricochet
100%
I'll be cleaning up bottles with you on _New Year's Day
100%
I like shiny things, but I'd marry you with _Paper Rings
100%
Can I ask you a _Question... ?
100%
But loving him was _Red
100%
Baby, I'm just gonna shake, shake, shake, shake, shake I _Shake It Off
100%
And if they call me a _. You know it might be worth it for once"Slut!"
100%
I hear the preacher say "_ or forever hold your peace"Speak Now
100%
'Cause we never go out of _Style
100%
it would've been fun. If you would've been _the 1
100%
Take me to _, where all the poets went to diethe lakes
100%
_. Who knows if she never showed up what could've beenthe last great american dynasty
100%
Lay the table with the fancy shit. And watch you _tolerate it
100%
Life was a _ and it bent right to you windwillow
100%
_ sipped away like a bottle of wineaugust
83%
'Cause, baby, now we got _Bad Blood
83%
Best believe I'm still _Bejeweled
83%
You were _. You were more than just a short timeBigger Than The Whole Sky
83%
_ to. My baby's fly like a jet streamCall It What You Want
83%
Your heart was glass I dropped it _champagne problems
83%
"You look like _ . In this light, remarkableClara Bow
83%
And I'm sitting on a bench in _coney island
83%
I rent a place on _Cornelia Street
83%
_, love made me crazyDon't Blame Me
83%
Now I'm _ , cryin' at the gymDown Bad
83%
Only bought this _ so you could take it offDress
83%
All I can say is I was _ to meet youEnchanted
83%
I wanna be your _. I wanna be your first stringEnd Game
83%
And for a _ there, we were foreverFortnight
83%
No nothing good starts in a _Getaway Car
83%
'Cause _ waitin' down the hall from meI Can See You
83%
They say _. Then why's it feel so good?I Did Something Bad
83%
And that's the thing about _illicit affairs
83%
Who you are is not where you've been. You're still an _Innocent
83%
My house of stones, your _ growsivy
83%
Me and _ vibe like thatKarma
83%
So I guess all the rumors are true. You know I love a _London Boy
83%
_ the walls we crashеd throughLong Live
83%
_ Ladies and gentlemen, will you please stand?Lover
83%
And there's nothing like a _mad woman
83%
The lips I used to call home. So scarlet, it was _Maroon
83%
What if I told you I'm a _?Mastermind
83%
And all you're ever gonna be is _Mean
83%
I'm a _. I'll show you every version of yourself tonightmirrorball
83%
And I remember thinking. Are we _Out Of The Woods
83%
I was taken by the view like we were in _Paris
83%
Trends change, rumors fly through new skies. But I'm _right where you left me
83%
I hit my peak at _seven
83%
'Cause I see _ whenever you smileSparks Fly
83%
And _ looks a lot like a tragedy nowThe Story Of Us
83%
You left your typewriter at my apartment. Straight from _The Tortured Poets Department
83%
I just wanted you to know that _this is me trying
83%
Did you think I wouldn't hear all the things you said about me? _This Is Why We Can't Have Nice Things
83%
Even if it's just in your _Wildest Dreams
83%
We found _, you and I got lost in itWonderland
83%
You can see it with the lights out. _You Are In Love
83%
_. I can't find a pulseYou're Losing Me
83%
_. You always have beenYou're On Your Own, Kid
83%
And I go _ all the timeBack To December
67%
But on a Wеdnesday in a café, I watched it _Begin Again
67%
There is nothing I do _Better Than Revenge
67%
_, one time, I was riding on my skateboardbetty
67%
And when I felt like I was an old _cardigan
67%
So, they killed _ first 'cause she feared the worstCassandra
67%
Hands in the hair of somebody in darkness. Named _Chloe or Sam or Sophia or Marcus
67%
I know that it's over, I don't need your _closure
67%
Takes one to know one. You're a _cowboy like me
67%
I've been sleepin' so long in a twenty-year dark night. And now I see _Daylight
67%
Only twenty minutes to sleep but you dream of some _epiphany
67%
That this pain would be for _evermore
67%
Religion's in your lips. Even if it's a _False God
67%
_ Is one hell of a drugFlorida!!!
67%
_ , I know who my first call will be toFresh Out The Slammer
67%
I think there's been a _Glitch
67%
Can't turn back now, I'm _Haunted
67%
I was hittin' my marks. 'Cause _I Can Do It With A Broken Heart
67%
Wish you were right here, right now, it's all good. _I Wish You Would
67%
And all at once, you are the one I have been waitin' for. _King of My Heart
67%
Lost in the _ of my mindLabyrinth
67%
I never thought we'd have a _Last Kiss
67%
Watched as you signed your name _marjorie
67%
You are the best thing that's ever been _Mine
67%
_. We're so sad, we paint the town blueMiss Americana & The Heartbreak Prince
67%
_ oh. I'm queen of sand castles he destroys, oh, ohMy Boy Only Breaks His Favorite Toys
67%
Baby, we're the _, come on, come along with meNew Romantics
67%
And will you still want me. When I'm _?Nothing New
67%
But I guess I don't have a say _Now That We Don't Talk
67%
The stakes are high, the water's rough. But this love is _Ours
67%
No, I coule never give you _peace
67%
_ My lost fearless leaderPeter
67%
so I take my time. Are you _....Ready for It?
67%
And it's like _, weird but fucking beautifulSnow On The Beach
67%
This is a _.This is the worthwhile fightState of Grace
67%
And I watch _ fly awaySuperman
67%
All that you ever wanted from me was _Sweet Nothing
67%
I've been _, I've been the preyThe Archer
67%
If we survived _The Great War
67%
_ But the story isn't mine anymoreThe Manuscript
67%
could someone give. A message to _ ?The Smallest Man Who Ever Lived
67%
You still would've been mine. We would have been _Timeless
67%
_ write this down'tis the damn season
67%
_. You go talk to your friends, talk to my friends, talk to meWe Are Never Ever Getting Back Together
67%
_ You should beWho's Afraid of Little Old Me?
67%
_, you're being too loudYou Need To Calm Down
67%
Meet me in the _Afterglow
50%
We ain't getting through this one, _Babe
50%
But I just miss you and I just wish you were a _Better Man
50%
_, I see it all now that you're goneDear John
50%
’Cause I can't pretend it's okay when it's not. It's _Death By A Thousand Cuts
50%
And damn, _, they all wanna be yadorothea
50%
In the heat of your _, mmmElectric Touch
50%
Now I'm in _ seeing you outexile
50%
_. Stop checkin' your mailbox for confessions of loveFoolish One
50%
But what can I say? You're _Gorgeous
50%
Without ever touchin' his skin. How can I be _Guilty as Sin?
50%
_. Put on your records and regret meeting meHigh Infidelity
50%
Shit my friends say to get me by. It _Hits Different
50%
Your faithless love's the only _ I believe inhoax
50%
And right there where we stood. Was _Holy Ground
50%
And that's how it works. That's _How You Get The Girl
50%
When you realized I'm harder to forget than I was to leave. And _I Bet You Think About Me
50%
_. And I thought that I would kill me but it didn'tI Forgot That You Existed
50%
'Cause _ when you walked inI Knew You Were Trouble
50%
Baby, _ we won't be foundI Know Places
50%
Take you back to my house, I haven't decidеd yet. But _imgonnagetyouback
50%
Video games, you pass me a note. Sleeping in tents _It's Nice To Have A Friend
50%
I just wanna stay in that _Lavender Haze
50%
You said I'm the _. About a million timesloml
50%
_. But I ain't lettin' up until the day I dieno body, no crime
50%
Come on, baby, with me. We're gonna fly away from hereRonan
50%
I'm about to fold unless you _Say Don't Go
50%
_ You'll find someoneSo Long, London
50%
And we were dancin', dancin'. Like we're made of _Starlight
50%
_. I've been loving you for quite some time, time, timeStay, Stay, Stay
50%
I didn't come here to make friends. We were born to be _Suburban Legends
50%
Your eyes, wider than distance. This life is _Sweeter Than Fiction
50%
Screamed, "_" to the night sky and the stars are stunnin'thanK you aIMee
50%
And they nicknamed her "_"The Bolter
50%
This is _ I'm askin' you thisThe Last Time
50%
And they'll tell you now, you're _The Lucky One
50%
I'd be _. They’d say I hustled, put in the workThe Man
50%
But therе was one thing missin'. And that was _The Moment I Knew
50%
I've been on my knees. Change _The Prophecy
50%
I'd write this in the sky. I miss you like it was _The Very First Night
50%
_ came back to meThis Love
50%
_. If I'd only played it safeWould've, Could've, Should've
50%
_. Had me in the palm of your handAll You Had To Do Was Stay
33%
And I feel like my _ downCastles Crumbling
33%
_. I guess you're in New York todayCome Back...Be Here
33%
_, you don't have to answer. Just 'cause they asked youDear Reader
33%
'Cause I know that it's _Delicate
33%
All I know is a simple name _Everything Has Changed
33%
I'll be summer sun for you forever. _ if you goForever Winter
33%
Don't look at me, you got a _Girl At Home
33%
Everybody wants you. But I don't like a _gold rush
33%
Both of these things can be true. There is _happiness
33%
Every time I don't, _I Almsot Do
33%
But your good Lord doesn't need to lift a finger _I Can Fix Him (No Really I Can)
33%
I'm there most of the year 'causeI Hate It Here
33%
And I ain't gotta tell him, _I Think He Knows
33%
You know when _it's time to go
33%
_, it was the wrong guylong story short
33%
A _ is all I can doMessage In A Bottle
33%
And no one will desert you. Just try to _Never Grow Up
33%
Way to go, tiger Higher and higherRobin
33%
Darling, let's _. _ from it allRun
33%
What a _ love affairSad beautiful tragic
33%
'Cause I feel _ every time I look at youSo High School
33%
_. I'm yours to keep and I'm yours to loseSo It Goes...
33%
And I say to you. Ooh-ah _Soon You'll Get Better
33%
She's _. She is here to destroy youThe Albatross
33%
Honestly, who are we to fight _ ?The Alchemy
33%
In _ , when someone plays "The Starting Line"The Black Dog
33%
This slope is _.This path is recklessTreacherous
33%
I'm on my _ againVigilante Shit
33%
It's been waiting for you _Welcome To New York
33%
_, I know. That boy will never be the sameWhen Emma Falls In Love
33%
Except all of our friends. We must knowHow Did It End?
17%
_ Transfixed by rose golden glowsI Look in People's Windows
17%

Score Distribution

Percentile by Number Answered

Percent of People with Each Score

Your Score History

You have not taken this quiz